[Event "St Petersburg Early Bird Rating"]
[Site "St Petersburg"]
[Date "2014.06.14"]
[Round "8"]
[White "Zvereva, Svetlana"]
[Black "Nikolaev, Yury"]
[Result "1-0"]
[WhiteElo "1640"]
[BlackElo "2003"]
[PlyCount "63"]
[EventDate "2014.06.07"]
[EventType "swiss"]
[EventRounds "9"]
[EventCountry "RUS"]
[SourceTitle "CBM 160 Extra"]
[Source "ChessBase"]
[SourceDate "2014.07.01"]
[SourceVersion "1"]
[SourceVersionDate "2014.07.01"]
[SourceQuality "1"]

1. e4 c5 2. Nf3 d6 3. d4 cxd4 4. Nxd4 Nf6 5. Nc3 a6 6. Be2 e5 7. Nb3 Be7 8. 0-0 0-0 9. Be3 Be6 10. f4 exf4 11. Bxf4 Nc6 12. Bg3 b5 13. a3 Ne8 14. Nd5 Bg5 15. Kh1 Ra7 16. Nd4 Bxd5 17. exd5 Nxd4 18. Qxd4 Re7 19. Bf3 Bf6 20. Qb4 Qb6 21. Bf2 Qb7 22. Rfe1 Be5 23. Bd4 Bxd4 24. Rxe7 Qxe7 25. Qxd4 Nf6 26. h3 Rc8 27. c3 Rc4 28. Qb6 g5 29. Qxa6 g4 30. hxg4 Nxg4 31. Bxg4 Rxg4 32. Qc8+ 1-0

[Event "St Petersburg Early Bird Rating"]
[Site "St Petersburg"]
[Date "2014.06.12"]
[Round "6"]
[White "Kazantsev, Alexandr"]
[Black "Nikolaev, Yury"]
[Result "1/2-1/2"]
[WhiteElo "1964"]
[BlackElo "2003"]
[PlyCount "127"]
[EventDate "2014.06.07"]
[EventType "swiss"]
[EventRounds "9"]
[EventCountry "RUS"]
[SourceTitle "CBM 160 Extra"]
[Source "ChessBase"]
[SourceDate "2014.07.01"]
[SourceVersion "1"]
[SourceVersionDate "2014.07.01"]
[SourceQuality "1"]

1. d4 Nf6 2. c4 g6 3. Nc3 Bg7 4. e4 d6 5. Nf3 0-0 6. Be2 Nbd7 7. 0-0 e5 8. dxe5 dxe5 9. Qc2 Nh5 10. Rd1 Nf4 11. Bxf4 exf4 12. c5 Qe7 13. b4 c6 14. Re1 Ne5 15. Rad1 Bg4 16. Nxe5 Qxe5 17. Bxg4 Qxc3 18. Qb1 Rad8 19. Rc1 Qe5 20. Rcd1 Qg5 21. Bf3 Bc3 22. Rf1 Bd4 23. Qc2 Qh4 24. Kh1 Be5 25. Kg1 h5 26. Qe2 Kg7 27. Rxd8 Rxd8 28. b5 cxb5 29. g3 Qh3 30. Rd1 Rxd1+ 31. Qxd1 fxg3 32. hxg3 Qe6 33. Qd5 Qf6 34. Kg2 Bd4 35. e5 Qxe5 36. Qxe5+ Bxe5 37. Bxb7 Bd4 38. Ba6 Bxc5 39. Bxb5 g5 40. Be8 Kf6 41. f3 Ke6 42. Ba4 h4 43. gxh4 gxh4 44. Bb3+ Kf6 45. Kh3 Bf2 46. Kg4 Ke7 47. f4 Bg3 48. f5 f6 49. Bg8 Kd6 50. Bb3 Be1 51. Bg8 Ke5 52. Bb3 Kd4 53. Be6 a5 54. Kh3 a4 55. Kg2 Ke4 56. Bd7 a3 57. Be6 Kf4 58. Bc8 Kg4 59. Be6 h3+ 60. Kh1 Kg3 61. Bc8 Bb4 62. Be6 Bd6 63. Bc8 Kf3 64. Be6 1/2-1/2

[Event "St Petersburg Early Bird Rating"]
[Site "St Petersburg"]
[Date "2014.06.08"]
[Round "2"]
[White "Nikolaev, Yury"]
[Black "Mednik, Boris"]
[Result "1-0"]
[WhiteElo "2003"]
[BlackElo "1687"]
[PlyCount "63"]
[EventDate "2014.06.07"]
[EventType "swiss"]
[EventRounds "9"]
[EventCountry "RUS"]
[SourceTitle "CBM 160 Extra"]
[Source "ChessBase"]
[SourceDate "2014.07.01"]
[SourceVersion "1"]
[SourceVersionDate "2014.07.01"]
[SourceQuality "1"]

1. d4 e6 2. e4 d5 3. Nc3 Bb4 4. e5 Ne7 5. a3 Bxc3+ 6. bxc3 c5 7. h4 Nf5 8. h5 h6 9. Nf3 Nc6 10. a4 Qa5 11. Bd2 Qb6 12. g4 Nfe7 13. Qb1 Qc7 14. a5 Nxa5 15. Qb5+ Nac6 16. Qxc5 b6 17. Qd6 Qxd6 18. exd6 Ng8 19. Ne5 Nxe5 20. dxe5 f6 21. f4 Bd7 22. Ba6 Kf7 23. Bb7 Rb8 24. Rxa7 Ke8 25. Be3 b5 26. Kd2 Rh7 27. Bb6 Kf7 28. Bc6 Rxb6 29. Rxd7+ Ne7 30. Rxe7+ Kf8 31. Re8+ Kf7 32. Rc8 1-0

[Event "St Petersburg White Nights op"]
[Site "St Petersburg"]
[Date "2010.06.16"]
[Round "1"]
[White "Paramzina, Anastasya"]
[Black "Nikolaev, Yury"]
[Result "0-1"]
[WhiteElo "1809"]
[BlackElo "2147"]
[PlyCount "70"]
[EventDate "2010.06.16"]
[EventType "swiss"]
[EventRounds "9"]
[EventCountry "RUS"]
[SourceTitle "EXT 2011"]
[Source "ChessBase"]
[SourceDate "2010.11.26"]
[SourceVersion "1"]
[SourceVersionDate "2010.11.26"]
[SourceQuality "1"]

1. e4 c5 2. Nf3 d6 3. d4 cxd4 4. Nxd4 Nf6 5. Nc3 a6 6. Be2 e5 7. Nb3 Be6 8. 0-0 Be7 9. Be3 0-0 10. Qd2 Nbd7 11. Rad1 b5 12. f3 Rc8 13. Nd5 Bxd5 14. exd5 Nb6 15. Bxb6 Qxb6+ 16. Kh1 Bd8 17. c3 Qa7 18. Bd3 Bb6 19. Bf5 Rc7 20. Na1 g6 21. Bc2 Nh5 22. Bb1 f5 23. Nc2 f4 24. Qe1 Rcf7 25. Nb4 Qe7 26. Nd3 Ng3+ 27. hxg3 Qg5 28. Nf2 Bxf2 29. Rxf2 fxg3 30. Kg1 gxf2+ 31. Qxf2 Rxf3 32. Qe2 Rf2 33. Qxf2 Rxf2 34. Kxf2 Qf4+ 35. Ke1 Qh4+ 0-1

[Event "St Petersburg Chigorin CC-ch"]
[Site "St Petersburg"]
[Date "2009.05.24"]
[Round "5"]
[White "Zakharov, Yuri Vasilievich"]
[Black "Nikolaev, Yury"]
[Result "1/2-1/2"]
[WhiteElo "1981"]
[BlackElo "2134"]
[PlyCount "72"]
[EventDate "2009.05.19"]
[EventType "swiss"]
[EventRounds "9"]
[EventCountry "RUS"]
[SourceTitle "CBM 130 Extra"]
[Source "ChessBase"]
[SourceDate "2009.07.02"]
[SourceVersion "2"]
[SourceVersionDate "2009.07.15"]
[SourceQuality "1"]

1. Nf3 d5 2. g3 Nf6 3. Bg2 c5 4. d4 cxd4 5. Nxd4 e5 6. Nf3 Nc6 7. 0-0 Be7 8. c3 0-0 9. Bg5 h6 10. Bxf6 Bxf6 11. Qa4 Qb6 12. Qb3 Qxb3 13. axb3 Be6 14. Nfd2 e4 15. e3 Ne5 16. c4 Nd3 17. cxd5 Bxb2 18. Ra2 Bxd5 19. Bxe4 Bxe4 20. Nxe4 Rfd8 21. Nc5 Nxc5 22. Rxb2 Rd3 23. b4 Nb3 24. Rc2 Rad8 25. Rc7 R8d7 26. Rxd7 Rxd7 27. Na3 Kf8 28. Rb1 Nd2 29. Rc1 g5 30. g4 Kg7 31. Nb5 Nb3 32. Rc4 a6 33. Rc3 Rd1+ 34. Kg2 Rb1 35. Na3 Rb2 36. Nc4 Rb1 1/2-1/2

[Event "St Petersburg June op"]
[Site "St Petersburg"]
[Date "2008.06.22"]
[Round "2"]
[White "Lushnikov, Andrey Yakovlevich"]
[Black "Nikolaev, Yury"]
[Result "1-0"]
[WhiteElo "2272"]
[BlackElo "2096"]
[PlyCount "49"]
[EventDate "2008.06.21"]
[EventType "swiss"]
[EventRounds "9"]
[EventCountry "RUS"]
[SourceTitle "CBM 125 Extra"]
[Source "ChessBase"]
[SourceDate "2008.09.01"]
[SourceVersion "1"]
[SourceVersionDate "2008.09.01"]
[SourceQuality "1"]

1. e4 c5 2. Nf3 e6 3. d4 cxd4 4. Nxd4 Nf6 5. Nc3 d6 6. Bg5 Be7 7. Qd2 a6 8. 0-0-0 b5 9. a3 Bb7 10. f3 Nbd7 11. g4 0-0 12. h4 d5 13. Bxf6 Bxf6 14. g5 Be7 15. exd5 exd5 16. Nf5 b4 17. Qd4 f6 18. axb4 Rf7 19. f4 fxg5 20. Nxe7+ Qxe7 21. hxg5 Rc8 22. Bd3 g6 23. Bxg6 Rc4 24. Bxf7+ Qxf7 25. g6 1-0

[Event "St Petersburg Chigorin CC-ch"]
[Site "St Petersburg"]
[Date "2008.05.19"]
[Round "5"]
[White "Fedoseev, Sergey"]
[Black "Nikolaev, Yury"]
[Result "0-1"]
[WhiteElo "2175"]
[BlackElo "2096"]
[PlyCount "76"]
[EventDate "2008.05.13"]
[EventType "swiss"]
[EventRounds "9"]
[EventCountry "RUS"]
[SourceTitle "CBM 124 Extra"]
[Source "ChessBase"]
[SourceDate "2008.07.03"]
[SourceVersion "1"]
[SourceVersionDate "2008.07.03"]
[SourceQuality "1"]

1. Nf3 d5 2. g3 Nf6 3. Bg2 e6 4. 0-0 c5 5. d3 Nc6 6. Nbd2 g6 7. e4 Bg7 8. exd5 Nxd5 9. Ne4 b6 10. Bg5 f6 11. Bc1 e5 12. c3 Nc7 13. d4 exd4 14. cxd4 Bg4 15. Bf4 0-0 16. Bxc7 Qxc7 17. dxc5 Kh8 18. h3 Rad8 19. cxb6 Qxb6 20. Qa4 Bxf3 21. Bxf3 Nd4 22. Bg2 f5 23. Ng5 f4 24. Qc4 f3 25. Bh1 Qf6 26. h4 h6 27. Nh3 Ne2+ 28. Kh2 Rd4 29. Qc7 Qf5 30. Bxf3 Qxf3 31. Rae1 Rd2 32. b4 Rxa2 33. Rd1 Nd4 34. Qc4 Rc2 35. Qa6 Qe4 36. Qd3 Qg4 37. Kg2 Rf3 38. Qxc2 Nxc2 0-1

[Event "St Petersburg White Nights op"]
[Site "St Petersburg"]
[Date "2007.07.02"]
[Round "8"]
[White "Nikolaev, Yury"]
[Black "Romanov, Vasily"]
[Result "1-0"]
[WhiteElo "2114"]
[BlackElo "2006"]
[PlyCount "101"]
[EventDate "2007.06.25"]
[EventType "swiss"]
[EventRounds "9"]
[EventCountry "RUS"]
[SourceTitle "CBM 119 Extra"]
[Source "ChessBase"]
[SourceDate "2007.09.04"]
[SourceVersion "1"]
[SourceVersionDate "2007.09.04"]
[SourceQuality "1"]

1. e4 c5 2. Nf3 d6 3. d4 cxd4 4. Nxd4 Nf6 5. Nc3 a6 6. Be3 e5 7. Nb3 Be6 8. Qd2 Be7 9. 0-0-0 Nbd7 10. f3 b5 11. g4 h6 12. h4 Nb6 13. Qf2 Nfd7 14. Kb1 Qc7 15. Rg1 Nc4 16. Bxc4 bxc4 17. Nc1 Rb8 18. N1e2 Qb7 19. Bc1 Nc5 20. f4 exf4 21. g5 hxg5 22. hxg5 Rh3 23. Qd4 Bf8 24. Rh1 Re3 25. Nxf4 Rxc3 26. Qxc3 Na4 27. Qd4 Qb4 28. Ka1 c3 29. Qxb4 Rxb4 30. Nxe6 fxe6 31. b3 Nb2 32. Rde1 Be7 33. Rh3 Rd4 34. Rxc3 Nd1 35. Rd3 Rxd3 36. cxd3 Nf2 37. d4 Nd3 38. Rf1 Nxc1 39. Rxc1 Bxg5 40. Rc6 Kd7 41. Rxa6 Bf6 42. Kb1 Bxd4 43. Kc2 g5 44. Kd3 Be5 45. Ke3 g4 46. Ra5 Bh2 47. Rh5 Be5 48. Rxe5 dxe5 49. a4 Kc6 50. b4 Kb6 51. Kf2 1-0

[Event "St Petersburg White Nights op"]
[Site "St Petersburg"]
[Date "2006.06.28"]
[Round "6"]
[White "Nikolaev, Yury"]
[Black "Maznov, Sergey"]
[Result "0-1"]
[WhiteElo "2110"]
[BlackElo "2064"]
[PlyCount "88"]
[EventDate "2006.06.23"]
[EventType "swiss"]
[EventRounds "9"]
[EventCountry "RUS"]
[SourceTitle "CBM 112 Extra"]
[Source "ChessBase"]
[SourceDate "2006.07.14"]
[SourceVersion "1"]
[SourceVersionDate "2006.07.14"]
[SourceQuality "1"]

1. Nf3 d5 2. d4 c6 3. c4 Nf6 4. Nc3 Bf5 5. Qb3 Qb6 6. c5 Qxb3 7. axb3 Nfd7 8. e3 e5 9. b4 f6 10. b5 Be6 11. b6 a6 12. b4 Be7 13. b5 0-0 14. bxa6 Nxa6 15. Bxa6 Bxc5 16. dxc5 Nxc5 17. Ba3 Rxa6 18. 0-0 Rfa8 19. Bxc5 Rxa1 20. Nd2 Bf5 21. e4 d4 22. exf5 dxc3 23. Nb3 Rxf1+ 24. Kxf1 Ra2 25. Ke1 Kf7 26. Kd1 h5 27. h4 g6 28. fxg6+ Kxg6 29. Be3 f5 30. Nc1 Ra5 31. g3 Rb5 32. Nd3 Kf6 33. Kc2 Ke6 34. Kxc3 Kd5 35. Nb4+ Ke4 36. Kc4 f4 37. gxf4 exf4 38. Bc5 Kf3 39. Nd3 Kg4 40. Kd4 Kxh4 41. Ke4 Kg5 42. Be7+ Kh6 43. Bd8 f3 44. Kxf3 Rd5 0-1

[Event "St Petersburg White Nights op"]
[Site "St Petersburg"]
[Date "2006.06.27"]
[Round "5"]
[White "Nester, Ihor"]
[Black "Nikolaev, Yury"]
[Result "1-0"]
[WhiteElo "2417"]
[BlackElo "2110"]
[PlyCount "61"]
[EventDate "2006.06.23"]
[EventType "swiss"]
[EventRounds "9"]
[EventCountry "RUS"]
[SourceTitle "CBM 112 Extra"]
[Source "ChessBase"]
[SourceDate "2006.07.14"]
[SourceVersion "1"]
[SourceVersionDate "2006.07.14"]
[SourceQuality "1"]

1. Nf3 Nf6 2. c4 c5 3. Nc3 Nc6 4. d4 cxd4 5. Nxd4 e6 6. a3 Be7 7. e4 0-0 8. Nf3 b6 9. Be2 Bb7 10. Bf4 d6 11. 0-0 Ng4 12. Nd2 Nge5 13. Be3 Bf6 14. Rc1 g5 15. b4 Kh8 16. Nb3 Ne7 17. Qd2 Rg8 18. Rfd1 d5 19. cxd5 exd5 20. exd5 Nf5 21. Ne4 Nxe3 22. Qxe3 Be7 23. Qd4 f6 24. Ng3 Re8 25. d6 Bf8 26. Rc7 Bc8 27. Bh5 Re6 28. Qe4 Nf3+ 29. Qxf3 Bxd6 30. Rc4 Rb8 31. Nd4 1-0

[Event "St Petersburg White Nights op"]
[Site "St Petersburg"]
[Date "2005.06.26"]
[Round "9"]
[White "Altshul, Raffael"]
[Black "Nikolaev, Yury"]
[Result "1-0"]
[WhiteElo "2277"]
[BlackElo "2080"]
[PlyCount "66"]
[EventDate "2005.06.18"]
[EventType "swiss"]
[EventRounds "9"]
[EventCountry "RUS"]
[SourceTitle "CBM 106 Extra"]
[Source "ChessBase"]
[SourceDate "2005.07.01"]
[SourceVersion "1"]
[SourceVersionDate "2005.07.01"]
[SourceQuality "1"]

1. Nf3 Nf6 2. b3 d5 3. Bb2 c5 4. e3 Nc6 5. Bb5 Bd7 6. 0-0 e6 7. c4 dxc4 8. bxc4 Be7 9. d3 0-0 10. Nc3 Qc7 11. Qe2 Ng4 12. h3 Nge5 13. Nxe5 Nxe5 14. f4 Nc6 15. Ne4 f5 16. Nd2 Nb8 17. a4 a6 18. Bxd7 Nxd7 19. Nf3 Bf6 20. Bxf6 gxf6 21. Rab1 Nb6 22. a5 Nc8 23. e4 Qxf4 24. exf5 e5 25. Nd2 Qd4+ 26. Kh1 Rb8 27. Ne4 Nd6 28. Rb6 Ne8 29. Rfb1 Rf7 30. Rxa6 Rd8 31. Re6 Nc7 32. Rxf6 Qxd3 33. Qxd3 Rxd3 1-0

[Event "St Petersburg White Nights op"]
[Site "St Petersburg"]
[Date "2005.06.25"]
[Round "8"]
[White "Bryndin, Vladimir"]
[Black "Nikolaev, Yury"]
[Result "0-1"]
[WhiteElo "2242"]
[BlackElo "2080"]
[PlyCount "66"]
[EventDate "2005.06.18"]
[EventType "swiss"]
[EventRounds "9"]
[EventCountry "RUS"]
[SourceTitle "CBM 106 Extra"]
[Source "ChessBase"]
[SourceDate "2005.07.01"]
[SourceVersion "1"]
[SourceVersionDate "2005.07.01"]
[SourceQuality "1"]

1. Nf3 Nf6 2. g3 g6 3. Bg2 Bg7 4. d3 c5 5. 0-0 Nc6 6. c3 0-0 7. a3 d5 8. b4 cxb4 9. axb4 a5 10. b5 Na7 11. Na3 Nd7 12. Bd2 b6 13. Rb1 Bb7 14. c4 d4 15. Qc1 Nc5 16. Bh6 f6 17. Rd1 e5 18. Bxg7 Kxg7 19. e3 dxe3 20. Qxe3 Qc7 21. h4 Rae8 22. Nh2 Bxg2 23. Kxg2 f5 24. d4 f4 25. gxf4 exf4 26. Qf3 Ne4 27. c5 Nc8 28. Nc4 Qd8 29. Ne5 Qxh4 30. cxb6 Ncd6 31. Rbc1 Rf5 32. Rc7+ Kh8 33. Nhg4 Rg5 0-1

[Event "St Petersburg White Nights op"]
[Site "St Petersburg"]
[Date "2005.06.24"]
[Round "7"]
[White "Nikolaev, Yury"]
[Black "Kononov, Viktor V"]
[Result "1-0"]
[WhiteElo "2080"]
[BlackElo "2173"]
[PlyCount "81"]
[EventDate "2005.06.18"]
[EventType "swiss"]
[EventRounds "9"]
[EventCountry "RUS"]
[SourceTitle "CBM 106 Extra"]
[Source "ChessBase"]
[SourceDate "2005.07.01"]
[SourceVersion "1"]
[SourceVersionDate "2005.07.01"]
[SourceQuality "1"]

1. Nf3 Nf6 2. c4 g6 3. Nc3 Bg7 4. e4 d6 5. d4 0-0 6. Be2 e5 7. 0-0 Nc6 8. d5 Ne7 9. Nd2 Nd7 10. b4 f5 11. c5 Nf6 12. f3 f4 13. Nc4 h5 14. Nb5 Ne8 15. Bd2 a6 16. Nc3 g5 17. a4 Ng6 18. Be1 Rf7 19. cxd6 Nxd6 20. Nxd6 cxd6 21. Bf2 Bf8 22. a5 Bd7 23. Na4 Rg7 24. Nb6 Rb8 25. Nxd7 Qxd7 26. Qa4 Qd8 27. Rac1 Qf6 28. Rc3 Nh4 29. h3 Ng6 30. Rfc1 Rd8 31. Rc7 g4 32. fxg4 f3 33. Bxf3 Nf4 34. Qd1 hxg4 35. Bxg4 Qh6 36. Qf3 Be7 37. Be3 Rf8 38. Kh2 Qg6 39. Rc8 Bd8 40. Rf1 Rgf7 41. Bf5 1-0

[Event "St Petersburg White Nights op"]
[Site "St Petersburg"]
[Date "2005.06.23"]
[Round "6"]
[White "Lavrik, Dmitry"]
[Black "Nikolaev, Yury"]
[Result "1-0"]
[WhiteElo "2222"]
[BlackElo "2080"]
[PlyCount "165"]
[EventDate "2005.06.18"]
[EventType "swiss"]
[EventRounds "9"]
[EventCountry "RUS"]
[SourceTitle "CBM 106 Extra"]
[Source "ChessBase"]
[SourceDate "2005.07.01"]
[SourceVersion "1"]
[SourceVersionDate "2005.07.01"]
[SourceQuality "1"]

1. e4 e5 2. Nf3 Nc6 3. Bb5 a6 4. Ba4 Nf6 5. 0-0 Be7 6. Re1 b5 7. Bb3 d6 8. c3 0-0 9. d4 Bg4 10. d5 Na5 11. Bc2 Qc8 12. h3 Bd7 13. Nbd2 c6 14. Nf1 cxd5 15. exd5 Nc4 16. Ne3 Qb7 17. Nxc4 bxc4 18. Qe2 Qxd5 19. Bg5 Rac8 20. Rad1 Qe6 21. Qd2 Rfd8 22. Qc1 Bf8 23. Bh4 h6 24. Nd4 Qe7 25. Re3 g5 26. Bg3 Nd5 27. Ree1 Qf6 28. Nf3 Nf4 29. h4 Bg4 30. Qe3 Bf5 31. hxg5 hxg5 32. Bxf5 Qxf5 33. Bxf4 gxf4 34. Qe2 f6 35. Rd5 Rd7 36. Nd2 Qe6 37. Qf3 f5 38. Ra5 Qh6 39. Qd5+ Kh8 40. Kf1 Rg7 41. Ke2 Qh5+ 42. Qf3 Qxf3+ 43. gxf3 Rc6 44. Rh1+ Kg8 45. Rh5 Rf7 46. Rg5+ Kh7 47. Kd1 Bh6 48. Rh5 Kg6 49. Rh2 Bg5 50. Rh8 Rh7 51. Ra8 Rh2 52. R8xa6 Rxa6 53. Rxa6 Be7 54. Ke2 Bh4 55. Rxd6+ Kg7 56. Re6 Rxf2+ 57. Kd1 Bf6 58. a4 Kf7 59. Rc6 Bg5 60. Rxc4 e4 61. fxe4 f3 62. Nxf3 Rxf3 63. exf5 Rxf5 64. Re4 Rf2 65. Re2 Rxe2 66. Kxe2 Ke6 67. Kd3 Kd5 68. b4 Bd8 69. c4+ Kc6 70. Kc3 Bf6+ 71. Kb3 Bd4 72. a5 Bf2 73. Ka4 Be1 74. Kb3 Bd2 75. Ka4 Be1 76. c5 Bf2 77. a6 Bg3 78. Kb3 Bf2 79. Kc4 Be3 80. b5+ Kc7 81. b6+ Kc6 82. a7 Kb7 83. c6+ 1-0

[Event "St Petersburg Chigorin CC-ch"]
[Site "St Petersburg"]
[Date "2005.05.21"]
[Round "6"]
[White "Kharlamov, Igor1111"]
[Black "Nikolaev, Yury"]
[Result "0-1"]
[WhiteElo "1935"]
[BlackElo "2080"]
[PlyCount "120"]
[EventDate "2005.05.16"]
[EventType "swiss"]
[EventRounds "9"]
[EventCountry "RUS"]
[SourceTitle "EXT 2006"]
[Source "ChessBase"]
[SourceDate "2005.11.24"]
[SourceVersion "1"]
[SourceVersionDate "2005.11.24"]
[SourceQuality "1"]

1. d4 d5 2. Nf3 Nf6 3. c4 c6 4. cxd5 cxd5 5. Nc3 Nc6 6. Bf4 a6 7. e3 Bg4 8. Be2 e6 9. 0-0 Be7 10. Ne5 Bxe2 11. Qxe2 Rc8 12. Rfc1 0-0 13. Na4 Nxe5 14. Bxe5 Nd7 15. Bf4 b5 16. Nc3 Rc4 17. b3 Rc6 18. a3 Qa8 19. b4 Rfc8 20. Qd3 Rc4 21. Ne2 a5 22. Rxc4 Rxc4 23. bxa5 Qxa5 24. e4 Nf6 25. f3 dxe4 26. fxe4 Qa8 27. Nc3 Qc6 28. Ne2 Nxe4 29. Rc1 f5 30. Be3 Qd5 31. Nf4 Rxc1+ 32. Bxc1 Qa2 33. Ne2 Qc4 34. Qxc4 bxc4 35. Bb2 Kf7 36. Kf1 Bd8 37. Nc3 Nxc3 38. Bxc3 Ke8 39. Ke2 Kd7 40. Bb4 Bb6 41. Bc3 Kc6 42. a4 Kd6 43. a5 Bc7 44. Ke3 Kc6 45. h4 Kb5 46. d5 exd5 47. Bxg7 Bxa5 48. Kf4 c3 49. Kxf5 c2 50. Bh6 d4 51. Ke4 Kc4 52. Bc1 d3 53. Ke3 Bd8 54. g3 Bf6 55. Kd2 Bc3+ 56. Ke3 Bd4+ 57. Kd2 Bf2 58. h5 Bxg3 59. Bb2 Bf4+ 60. Ke1 d2+ 0-1

[Event "St Petersburg Chigorin CC-ch"]
[Site "St Petersburg"]
[Date "2005.05.19"]
[Round "4"]
[White "Nikolaev, Yury"]
[Black "Vunder, Andrei"]
[Result "0-1"]
[WhiteElo "2080"]
[BlackElo "2288"]
[PlyCount "100"]
[EventDate "2005.05.16"]
[EventType "swiss"]
[EventRounds "9"]
[EventCountry "RUS"]
[SourceTitle "EXT 2006"]
[Source "ChessBase"]
[SourceDate "2005.11.24"]
[SourceVersion "1"]
[SourceVersionDate "2005.11.24"]
[SourceQuality "1"]

1. Nf3 d5 2. d4 e6 3. c4 c5 4. cxd5 exd5 5. Nc3 Nc6 6. g3 Nf6 7. Bg2 Be7 8. 0-0 0-0 9. Bg5 cxd4 10. Nxd4 h6 11. Be3 Re8 12. Rc1 Bf8 13. Nb3 Be6 14. Bc5 Rc8 15. e3 Bg4 16. Qd2 Bxc5 17. Nxc5 d4 18. N3e4 Nxe4 19. Bxe4 dxe3 20. Qxd8 Nxd8 21. f3 Bh3 22. Rfe1 Ne6 23. Nxe6 Rxc1 24. Rxc1 Bxe6 25. Bxb7 Bxa2 26. Rc8 Rxc8 27. Bxc8 Bc4 28. f4 Kf8 29. Kg2 Be2 30. Bb7 Ke7 31. Bf3 Bc4 32. Bb7 Kd6 33. Kf3 e2 34. Kf2 Kc5 35. Be4 Kd4 36. Bc2 a5 37. Ke1 Ke3 38. Ba4 Bd3 39. Be8 f5 40. Bg6 Kf3 41. Bh5+ Kg2 42. Bxe2 Bxe2 43. Kxe2 Kxh2 44. Kf3 Kh3 45. b3 g6 46. Kf2 Kg4 47. Kg2 g5 48. fxg5 hxg5 49. Kf2 f4 50. gxf4 Kxf4 0-1